01206nam a2200277 a 4500001001000000005001700010008004100027041000800068044000700076084002000083100004500103245003900148260003400187300001900221500013500240500007200375500015800447500001000605546002500615650005200640650005600692650003400748650004500782700005100827740005000878BRCA_298320190320204045.0231208s1894----sp-#---###---#000-0dcat-u acat asp a306b.G57c18941 aCervantes Saavedra, Miguel ded1547-161610aDon Quixot de la ManxacCervantes. aBarcelonabFidel Giróc1894 a239 p.c14 cm. aContenido : Primera parte. Advertencia del traductor. Breve noticia sobre la vida de Cervantes. Texto. Segunda parte. Correcciones aEdición : Nova traduccio abreviada a util del jovent per A. B. T. aVersión abreviada para uso de la juventud, por el mismo traductor, Antonio Bulbena y Tusell. Tela; lomera decorada con filetes dorados Lúdovik Osterc aQM233 aTexto en : catalán14aNovela españolayÉpoca clásica, 1500-170014aLiteratura españolayÉpoca clásica, 1500-170014aNovela españolaySiglo XVII14aDon Quijote (Personaje ficticio)eNovela1 aBulbena i Tusell, Antonid1854-1946eTraductor0 aEl Ingenioso Hidalgo Don Quijote de la Mancha